Les anarchistes par image - Statistiques

Statistiques générales
  • Ce quiz a été pris 112 fois
  • Le résultat moyen est 6 sur 17
Statistiques - réponses
Par images Réponse % Correct
Louise Michel
86%
Mikhaïl Bakounine
79%
Pierre-Joseph Proudhon
71%
Léo Ferré
61%
Pierre Kropotkine
59%
Emma Goldman
46%
Max Stirner
39%
Nestor Makhno
35%
Ravachol
27%
Élisée Reclus
20%
Henry David Thoreau
17%
Voltairine de Cleyre
17%
David Greaber
8%
Auguste Vaillant
7%
Émile Henry
6%
He Zhen
4%
Virginia Bolten
2%
Aucun quiz correspondant
Distribution des résultats
% des personnes avec chaque résultat
Percentile par nombre de réponses
Votre historique - résultats
Vous n’avez pas pris ce quiz